[Event "Copenhagen Chess Challenge 2"]
[Site "?"]
[Date "2015.04.30"]
[Round "3.1"]
[White "Haubro, Martin"]
[Black "Kyrkjebo, Erlend"]
[Result "1-0"]
[BlackElo "2074"]
[WhiteElo "2314"]
[LiveChessVersion "1.4.6"]

1. Nf3 {[%clk 1:30:54]} c5 {[%clk 1:30:00]} 2. c4 {[%clk 1:31:07]} g6
{[%clk 1:28:47]} 3. d4 {[%clk 1:29:17]} Bg7 {[%clk 1:25:45]} 4. d5
{[%clk 1:25:25]} d6 {[%clk 1:14:50]} 5. Nc3 {[%clk 1:25:39]} e5 {[%clk 1:07:55]}
6. h4 {[%clk 1:19:14]} h6 {[%clk 1:01:40]} 7. e4 {[%clk 1:18:31]} Nf6
{[%clk 0:55:08]} 8. Be3 {[%clk 1:15:34]} O-O {[%clk 0:52:54]} 9. h5
{[%clk 0:56:27]} Ng4 {[%clk 0:42:24]} 10. Bd2 {[%clk 0:55:57]} g5
{[%clk 0:39:50]} 11. Be2 {[%clk 0:52:32]} f5 {[%clk 0:36:51]} 12. Nh2
{[%clk 0:36:54]} Nf6 {[%clk 0:25:40]} 13. exf5 {[%clk 0:37:13]} Bxf5
{[%clk 0:25:42]} 14. Nf1 {[%clk 0:37:34]} Ne4 {[%clk 0:19:08]} 15. Nxe4
{[%clk 0:36:10]} Bxe4 {[%clk 0:19:31]} 16. Qb3 {[%clk 0:35:38]} Bxg2
{[%clk 0:15:53]} 17. Rh2 {[%clk 0:34:33]} Bxf1 {[%clk 0:11:49]} 18. Bxf1
{[%clk 0:34:57]} Nd7 {[%clk 0:11:07]} 19. O-O-O {[%clk 0:32:43]} e4
{[%clk 0:09:41]} 20. Qc2 {[%clk 0:30:23]} Be5 {[%clk 0:07:46]} 21. Qxe4
{[%clk 0:28:12]} Bxh2 {[%clk 0:06:24]} 22. Qg6+ {[%clk 0:27:47]} Kh8
{[%clk 0:06:52]} 23. Qxh6+ {[%clk 0:27:50]} Kg8 {[%clk 0:07:21]} 24. Bh3
{[%clk 0:09:53]} Qf6 {[%clk 0:03:43]} 25. Be6+ {[%clk 0:10:18]} Rf7
{[%clk 0:04:02]} 26. Bxf7+ {[%clk 0:09:27]} Kxf7 {[%clk 0:02:32]} 27. Qh7+
{[%clk 0:09:51]} Qg7 {[%clk 0:02:47]} 28. Qf5+ {[%clk 0:09:43]} Kg8
{[%clk 0:01:21]} 29. h6 {[%clk 0:09:44]} Qf7 {[%clk 0:00:37]} 30. Qxg5+
{[%clk 0:09:42]} Kh8 {[%clk 0:00:48]} 31. Re1 {[%clk 0:05:30]} Be5
{[%clk 0:00:47]} 32. f4 {[%clk 0:05:51]} Rg8 {[%clk 0:00:42]} 33. Qh4
{[%clk 0:04:41]} Qf6 {[%clk 0:00:36]} 34. Qxf6+ {[%clk 0:03:04]} Bxf6
{[%clk 0:01:05]} 35. Re6 {[%clk 0:03:30]} Bd4 {[%clk 0:00:33]} 36. Rxd6
{[%clk 0:02:58]} Nf6 {[%clk 0:00:39]} 37. Re6 {[%clk 0:03:25]} Re8
{[%clk 0:00:43]} 38. f5 {[%clk 0:01:59]} Rxe6 {[%clk 0:00:37]} 39. fxe6
{[%clk 0:02:24]} Be5 {[%clk 0:00:38]} 40. b4 {[%clk 0:02:34]} Bd6
{[%clk 0:00:34]} 41. Bc3 {[%clk 0:02:41]} Bf4+ {[%clk 0:00:32]} 42. Kc2
{[%clk 0:02:57]} cxb4 {[%clk 0:00:31]} 43. Bxf6+ {[%clk 0:03:18]} Kg8
{[%clk 0:00:53]} 44. h7+ {[%clk 0:03:42]} 1-0

[Event "Copenhagen Chess Challenge 2"]
[Site "?"]
[Date "2015.04.30"]
[Round "3.2"]
[White "Haug, Johannes"]
[Black "Pallesen, Jacob"]
[Result "1-0"]
[BlackElo "2059"]
[WhiteElo "2309"]
[LiveChessVersion "1.4.6"]

1. e4 {[%clk 1:23:51]} g6 {[%clk 1:30:27]} 2. d4 {[%clk 1:22:13]} Bg7
{[%clk 1:30:45]} 3. Nf3 {[%clk 1:22:28]} c6 {[%clk 1:30:12]} 4. Nc3
{[%clk 1:22:25]} d5 {[%clk 1:30:19]} 5. h3 {[%clk 1:22:52]} e6 {[%clk 1:17:52]}
6. Bf4 {[%clk 1:14:38]} Nf6 {[%clk 1:15:28]} 7. e5 {[%clk 1:14:07]} Nfd7
{[%clk 1:14:57]} 8. Qd2 {[%clk 1:11:54]} a6 {[%clk 1:13:04]} 9. Bh6
{[%clk 1:06:18]} Bxh6 {[%clk 1:11:58]} 10. Qxh6 {[%clk 1:05:05]} Qe7
{[%clk 1:12:09]} 11. O-O-O {[%clk 0:50:32]} c5 {[%clk 1:10:47]} 12. dxc5
{[%clk 0:49:37]} Qxc5 {[%clk 1:09:51]} 13. Kb1 {[%clk 0:41:06]} Nc6
{[%clk 1:08:27]} 14. Bd3 {[%clk 0:32:44]} b5 {[%clk 1:02:28]} 15. Ng5
{[%clk 0:28:08]} Qf8 {[%clk 0:58:59]} 16. Qxf8+ {[%clk 0:28:29]} Kxf8
{[%clk 0:57:58]} 17. f4 {[%clk 0:28:13]} Nc5 {[%clk 0:56:20]} 18. Nf3
{[%clk 0:25:16]} Ke7 {[%clk 0:46:50]} 19. Ne2 {[%clk 0:24:09]} Bd7
{[%clk 0:44:43]} 20. Ned4 {[%clk 0:24:01]} Nxd4 {[%clk 0:31:20]} 21. Nxd4
{[%clk 0:24:18]} Nb7 {[%clk 0:31:04]} 22. c3 {[%clk 0:15:37]} h5 {[%clk 0:27:03]}
23. g3 {[%clk 0:15:07]} Rhc8 {[%clk 0:23:45]} 24. g4 {[%clk 0:13:33]} Rh8
{[%clk 0:23:04]} 25. b4 {[%clk 0:12:57]} Rh6 {[%clk 0:12:47]} 26. f5
{[%clk 0:12:44]} gxf5 27. gxf5 {[%clk 0:13:07]} Rg8 {[%clk 0:11:13]} 28. f6+
{[%clk 0:13:00]} Kf8 {[%clk 0:08:51]} 29. Rdg1 {[%clk 0:12:54]} Rhh8
{[%clk 0:09:12]} 30. Kc2 {[%clk 0:12:26]} Nd8 {[%clk 0:09:07]} 31. Be2
{[%clk 0:10:37]} Nc6 {[%clk 0:08:19]} 32. Nxc6 {[%clk 0:10:38]} Bxc6
{[%clk 0:08:43]} 33. Bf3 {[%clk 0:10:36]} h4 {[%clk 0:08:00]} 34. Rg4
{[%clk 0:08:44]} Rxg4 {[%clk 0:06:21]} 35. hxg4 {[%clk 0:07:17]} h3
{[%clk 0:06:36]} 36. Rh2 {[%clk 0:07:15]} Rh4 {[%clk 0:06:05]} 37. Kd3
{[%clk 0:07:02]} Kg8 {[%clk 0:05:44]} 38. Ke2 {[%clk 0:07:16]} Kh7
{[%clk 0:05:41]} 39. Ke3 {[%clk 0:06:30]} Kg6 {[%clk 0:04:03]} 40. Kf4
{[%clk 0:06:55]} Rh6 {[%clk 0:03:34]} 41. Be2 {[%clk 0:06:30]} Rh4
{[%clk 0:02:09]} 42. Bd3+ {[%clk 0:06:22]} Kh6 {[%clk 0:02:20]} 43. Bf1
{[%clk 0:06:21]} Bb7 {[%clk 0:02:13]} 44. Rxh3 {[%clk 0:06:28]} Rxh3
{[%clk 0:02:37]} 45. Bxh3 {[%clk 0:06:57]} Bc6 {[%clk 0:02:25]} 46. Bf1
{[%clk 0:07:21]} Be8 {[%clk 0:01:18]} 47. Be2 {[%clk 0:07:47]} Bc6
{[%clk 0:01:30]} 48. g5+ {[%clk 0:08:07]} Kh7 {[%clk 0:00:41]} 49. Bd3+
{[%clk 0:08:31]} Kg8 {[%clk 0:01:03]} 50. Ke3 {[%clk 0:08:52]} 1-0

[Event "Copenhagen Chess Challenge 2"]
[Site "?"]
[Date "2015.04.30"]
[Round "3.3"]
[White "Lien, Kjell Håkon"]
[Black "Dijkhuis, Tycho"]
[Result "0-1"]
[BlackElo "2288"]
[WhiteElo "2054"]
[LiveChessVersion "1.4.6"]

1. e4 {[%clk 1:30:57]} c5 {[%clk 1:30:52]} 2. Nf3 {[%clk 1:31:23]} Nc6
{[%clk 1:31:13]} 3. d4 {[%clk 1:31:39]} cxd4 {[%clk 1:31:28]} 4. Nxd4
{[%clk 1:32:03]} e5 {[%clk 1:31:51]} 5. Nb5 {[%clk 1:31:41]} d6 {[%clk 1:32:08]}
6. c4 {[%clk 1:29:25]} Be7 {[%clk 1:31:20]} 7. g3 {[%clk 1:27:01]} Nf6
{[%clk 1:16:02]} 8. Bg2 {[%clk 1:26:05]} Bg4 {[%clk 1:16:08]} 9. Qd3
{[%clk 1:23:24]} Rc8 {[%clk 1:13:22]} 10. b3 {[%clk 1:16:05]} a6 {[%clk 0:59:51]}
11. N5c3 {[%clk 1:16:22]} b5 {[%clk 1:00:08]} 12. cxb5 {[%clk 1:13:21]} axb5
{[%clk 1:00:21]} 13. Qxb5 {[%clk 1:10:54]} O-O {[%clk 1:00:42]} 14. O-O
{[%clk 1:08:52]} Nd4 {[%clk 0:59:58]} 15. Qd3 {[%clk 1:09:09]} d5
{[%clk 1:00:14]} 16. exd5 {[%clk 0:49:48]} Bf5 {[%clk 0:59:53]} 17. Ne4
{[%clk 0:50:14]} Nxe4 {[%clk 0:53:58]} 18. Bxe4 {[%clk 0:50:37]} Bxe4
{[%clk 0:54:24]} 19. Qxe4 {[%clk 0:51:04]} f5 {[%clk 0:54:42]} 20. Qd3
{[%clk 0:49:50]} Qxd5 {[%clk 0:53:32]} 21. f3 {[%clk 0:48:32]} Rxc1
{[%clk 0:53:37]} 0-1

[Event "Copenhagen Chess Challenge 2"]
[Site "?"]
[Date "2015.04.30"]
[Round "3.4"]
[White "Rydstrom, Tom"]
[Black "Surender, Anil"]
[Result "1-0"]
[BlackElo "2056"]
[WhiteElo "2286"]
[LiveChessVersion "1.4.6"]

1. e4 {[%clk 1:30:59]} g6 {[%clk 1:30:53]} 2. d4 {[%clk 1:31:24]} Bg7
{[%clk 1:31:19]} 3. Nc3 {[%clk 1:31:47]} d6 {[%clk 1:31:44]} 4. Be3
{[%clk 1:31:14]} a6 {[%clk 1:31:59]} 5. Qd2 {[%clk 1:30:58]} Nd7 {[%clk 1:32:24]}
6. g4 {[%clk 1:25:16]} b5 {[%clk 1:32:06]} 7. h4 {[%clk 1:24:30]} Bb7
{[%clk 1:32:22]} 8. f3 {[%clk 1:24:47]} c5 {[%clk 1:32:19]} 9. h5
{[%clk 1:24:19]} Rc8 {[%clk 1:29:16]} 10. h6 {[%clk 1:18:53]} Bf6
{[%clk 1:23:04]} 11. g5 {[%clk 1:18:12]} Bxd4 {[%clk 1:22:36]} 12. Bxd4
{[%clk 1:18:36]} cxd4 {[%clk 1:23:00]} 13. Qxd4 {[%clk 1:18:54]} e5
{[%clk 1:23:17]} 14. Qd2 {[%clk 1:17:13]} Nc5 {[%clk 1:18:48]} 15. Nge2
{[%clk 0:43:10]} Ne7 {[%clk 0:50:09]} 16. Bh3 {[%clk 0:41:39]} Rc7
{[%clk 0:50:23]} 17. a3 {[%clk 0:37:21]} d5 {[%clk 0:41:10]} 18. exd5
{[%clk 0:36:50]} Nxd5 {[%clk 0:41:09]} 19. Rd1 {[%clk 0:36:58]} O-O
{[%clk 0:38:39]} 20. Nxd5 {[%clk 0:29:22]} Bxd5 {[%clk 0:37:20]} 21. Rg1
{[%clk 0:26:55]} e4 {[%clk 0:36:09]} 22. Qxd5 {[%clk 0:24:34]} Nd3+
{[%clk 0:35:54]} 23. Rxd3 {[%clk 0:25:02]} exd3 {[%clk 0:36:17]} 24. Qxd3
{[%clk 0:22:14]} Qxd3 {[%clk 0:35:42]} 25. cxd3 {[%clk 0:22:43]} Rc2
{[%clk 0:35:57]} 26. Kd1 {[%clk 0:03:29]} Rxb2 {[%clk 0:35:35]} 27. Nc3
{[%clk 0:03:52]} Rd8 {[%clk 0:33:38]} 28. Re1 {[%clk 0:04:07]} Kf8
{[%clk 0:33:41]} 29. Re3 {[%clk 0:03:29]} Rb3 {[%clk 0:33:29]} 30. Kc2
{[%clk 0:03:42]} Rxa3 {[%clk 0:33:34]} 31. Ne4 {[%clk 0:02:27]} Re8
{[%clk 0:31:52]} 32. Re1 {[%clk 0:01:49]} b4 {[%clk 0:31:50]} 33. Bg4
{[%clk 0:01:10]} a5 {[%clk 0:31:55]} 34. d4 {[%clk 0:01:24]} a4 {[%clk 0:31:37]}
35. d5 {[%clk 0:01:26]} b3+ {[%clk 0:24:40]} 36. Kc3 {[%clk 0:01:24]} Rb8
{[%clk 0:24:47]} 37. Nf6 {[%clk 0:00:55]} b2+ {[%clk 0:25:01]} 38. Kc2
{[%clk 0:01:24]} Re3 {[%clk 0:18:06]} 39. Nd7+ {[%clk 0:01:46]} Kg8
{[%clk 0:18:32]} 40. Nxb8 {[%clk 0:02:12]} Rxe1 {[%clk 0:18:57]} 41. Kxb2
{[%clk 0:02:39]} Rd1 {[%clk 0:17:25]} 42. Nd7 {[%clk 0:02:41]} Rd4
{[%clk 0:15:46]} 43. Nf6+ {[%clk 0:01:41]} Kh8 {[%clk 0:16:11]} 44. Bd7
{[%clk 0:00:54]} Rb4+ {[%clk 0:16:05]} 45. Ka1 {[%clk 0:01:05]} Rf4
{[%clk 0:15:33]} 46. Ne4 {[%clk 0:00:54]} Rxf3 {[%clk 0:15:34]} 47. d6
{[%clk 0:01:16]} Rd3 {[%clk 0:15:40]} 48. Bc6 {[%clk 0:01:09]} f5
{[%clk 0:15:06]} 49. gxf6 {[%clk 0:01:22]} Kg8 {[%clk 0:15:26]} 50. d7
{[%clk 0:01:27]} Kf7 {[%clk 0:15:46]} 51. Ng5+ {[%clk 0:00:41]} Kxf6
{[%clk 0:16:10]} 52. Nxh7+ {[%clk 0:01:08]} Ke7 {[%clk 0:16:10]} 53. Ng5
{[%clk 0:01:27]} Rd6 {[%clk 0:15:56]} 54. h7 {[%clk 0:01:36]} Rxc6
{[%clk 0:16:20]} 55. h8=Q {[%clk 0:01:57]} Kxd7 {[%clk 0:16:44]} 56. Qg7+
{[%clk 0:02:10]} Kd6 {[%clk 0:16:57]} 57. Qxg6+ {[%clk 0:02:29]} Kc5
{[%clk 0:17:22]} 58. Qd3 {[%clk 0:02:29]} Kb4 {[%clk 0:17:12]} 59. Ne4
{[%clk 0:02:46]} Rc4 {[%clk 0:17:21]} 60. Ka2 {[%clk 0:02:36]} Rc6
{[%clk 0:17:15]} 61. Nd6 {[%clk 0:02:37]} Rc5 {[%clk 0:17:06]} 62. Qd4+
{[%clk 0:03:00]} 1-0

[Event "Copenhagen Chess Challenge 2"]
[Site "?"]
[Date "2015.04.30"]
[Round "3.5"]
[White "Andersen, Kim Nyvang"]
[Black "Rewitz, Poul"]
[Result "0-1"]
[BlackElo "2272"]
[WhiteElo "2045"]
[LiveChessVersion "1.4.6"]

1. d4 {[%clk 1:30:56]} Nf6 {[%clk 1:30:34]} 2. c4 {[%clk 1:31:19]} e6
{[%clk 1:30:59]} 3. Nc3 {[%clk 1:31:44]} Bb4 {[%clk 1:31:24]} 4. e3
{[%clk 1:32:07]} O-O {[%clk 1:31:17]} 5. Nge2 {[%clk 1:32:25]} c5
{[%clk 1:30:39]} 6. a3 {[%clk 1:30:53]} Bxc3+ {[%clk 1:29:07]} 7. Nxc3
{[%clk 1:30:47]} b6 {[%clk 1:27:52]} 8. Be2 {[%clk 1:29:26]} Bb7 {[%clk 1:27:33]}
9. O-O {[%clk 1:29:26]} Nc6 {[%clk 1:26:07]} 10. d5 {[%clk 1:28:10]} Ne7
{[%clk 1:21:47]} 11. e4 {[%clk 1:26:50]} d6 {[%clk 1:16:16]} 12. f4
{[%clk 1:20:11]} Ne8 {[%clk 1:14:47]} 13. Bf3 {[%clk 1:14:27]} a6
{[%clk 1:11:38]} 14. Be3 {[%clk 1:08:36]} Rb8 {[%clk 1:10:06]} 15. Qd2
{[%clk 1:07:19]} b5 {[%clk 1:08:17]} 16. dxe6 {[%clk 1:06:07]} fxe6
{[%clk 1:04:20]} 17. cxb5 {[%clk 1:06:09]} axb5 {[%clk 1:02:43]} 18. Rad1
{[%clk 1:03:12]} b4 {[%clk 0:52:43]} 19. axb4 {[%clk 1:00:14]} cxb4
{[%clk 0:51:34]} 20. Ne2 {[%clk 1:00:05]} Ba6 {[%clk 0:45:58]} 21. Rfe1
{[%clk 0:58:37]} Nc6 {[%clk 0:38:02]} 22. Nd4 {[%clk 0:49:37]} Nxd4
{[%clk 0:37:51]} 23. Bxd4 {[%clk 0:48:39]} Qe7 {[%clk 0:33:53]} 24. Qe3
{[%clk 0:44:28]} Rf7 {[%clk 0:31:52]} 25. Bh5 {[%clk 0:43:48]} g6
{[%clk 0:31:11]} 26. Bg4 {[%clk 0:43:55]} Bc8 {[%clk 0:27:37]} 27. Qg3
{[%clk 0:38:53]} Qf8 {[%clk 0:24:25]} 28. Be3 {[%clk 0:34:47]} Nf6
{[%clk 0:23:54]} 29. Bf3 {[%clk 0:34:30]} Bb7 {[%clk 0:20:11]} 30. Bd4
{[%clk 0:28:59]} Re8 {[%clk 0:18:03]} 31. Qg5 {[%clk 0:27:03]} e5
{[%clk 0:15:06]} 32. fxe5 {[%clk 0:23:17]} dxe5 {[%clk 0:15:23]} 33. Bb6
{[%clk 0:23:30]} Nd7 {[%clk 0:12:32]} 34. Bf2 {[%clk 0:20:52]} Nc5
{[%clk 0:12:01]} 35. Bh4 {[%clk 0:16:27]} Nb3 {[%clk 0:10:54]} 36. Rd8
{[%clk 0:15:35]} Nd4 {[%clk 0:09:34]} 37. Rxe8 {[%clk 0:11:04]} Qxe8
{[%clk 0:09:59]} 38. Bg3 {[%clk 0:09:56]} Rxf3 {[%clk 0:09:16]} 39. Bxe5
{[%clk 0:10:04]} Ne6 {[%clk 0:08:07]} 40. Qd2 {[%clk 0:09:22]} Rf7
{[%clk 0:06:15]} 41. Qxb4 {[%clk 0:09:42]} Qc6 {[%clk 0:05:37]} 42. Bd6
{[%clk 0:05:55]} Rd7 {[%clk 0:05:04]} 0-1

[Event "Copenhagen Chess Challenge 2"]
[Site "?"]
[Date "2015.04.30"]
[Round "3.6"]
[White "Bekker-Jensen, David"]
[Black "Sørensen, Per Settergren"]
[Result "1-0"]
[BlackElo "2049"]
[WhiteElo "2261"]
[LiveChessVersion "1.4.6"]

1. d4 {[%clk 1:30:57]} Nf6 {[%clk 1:30:49]} 2. c4 {[%clk 1:31:21]} e6
{[%clk 1:31:15]} 3. Nc3 {[%clk 1:31:45]} d5 {[%clk 1:31:40]} 4. cxd5
{[%clk 1:32:04]} exd5 {[%clk 1:32:04]} 5. Bg5 {[%clk 1:32:30]} c6
{[%clk 1:32:28]} 6. Qc2 {[%clk 1:32:51]} Be7 {[%clk 1:32:44]} 7. e3
{[%clk 1:33:15]} Nbd7 {[%clk 1:33:02]} 8. Bd3 {[%clk 1:33:34]} Nh5
{[%clk 1:33:23]} 9. Bxe7 {[%clk 1:33:51]} Qxe7 {[%clk 1:33:50]} 10. Nge2
{[%clk 1:34:07]} Nb6 {[%clk 1:34:13]} 11. O-O {[%clk 1:30:50]} g6
{[%clk 1:32:51]} 12. Rae1 {[%clk 1:29:30]} O-O {[%clk 1:29:18]} 13. Nc1
{[%clk 1:29:07]} f5 {[%clk 1:22:24]} 14. Nb3 {[%clk 1:22:49]} Be6
{[%clk 1:20:28]} 15. Nc5 {[%clk 1:13:35]} Rae8 {[%clk 1:18:45]} 16. b4
{[%clk 1:08:38]} a6 {[%clk 1:13:25]} 17. a4 {[%clk 1:07:59]} Bc8 {[%clk 1:08:49]}
18. b5 {[%clk 1:04:32]} axb5 {[%clk 1:07:24]} 19. axb5 {[%clk 1:04:56]} Qg5
{[%clk 1:06:03]} 20. f4 {[%clk 0:58:33]} Qe7 {[%clk 1:01:45]} 21. bxc6
{[%clk 0:58:25]} bxc6 {[%clk 1:02:12]} 22. Nb1 {[%clk 0:56:55]} Nf6
{[%clk 0:57:59]} 23. Nd2 {[%clk 0:55:06]} Ne4 {[%clk 0:51:51]} 24. Bxe4
{[%clk 0:50:18]} fxe4 {[%clk 0:45:57]} 25. Qb3 {[%clk 0:50:13]} Nd7
{[%clk 0:45:34]} 26. Ndxe4 {[%clk 0:44:35]} Kh8 {[%clk 0:40:30]} 27. Nxd7
{[%clk 0:43:55]} Bxd7 {[%clk 0:40:08]} 28. Ng5 {[%clk 0:43:35]} Rb8
{[%clk 0:38:24]} 29. Qc3 {[%clk 0:43:18]} Qb4 {[%clk 0:34:32]} 30. Rc1
{[%clk 0:26:42]} Qxc3 {[%clk 0:29:12]} 31. Rxc3 {[%clk 0:27:08]} Rb6
{[%clk 0:28:49]} 32. h3 {[%clk 0:25:15]} Ra8 {[%clk 0:23:13]} 33. Rf2
{[%clk 0:23:21]} Kg7 {[%clk 0:21:21]} 34. Kh2 {[%clk 0:22:39]} h6
{[%clk 0:18:36]} 35. Nf3 {[%clk 0:23:02]} Bf5 {[%clk 0:17:29]} 36. Ne5
{[%clk 0:20:03]} Raa6 {[%clk 0:17:19]} 37. Rc1 {[%clk 0:16:08]} Rb3
{[%clk 0:16:26]} 38. g4 {[%clk 0:15:46]} Be4 {[%clk 0:15:40]} 39. f5
{[%clk 0:14:59]} Rxe3 {[%clk 0:13:51]} 40. f6+ {[%clk 0:15:12]} Kh7
{[%clk 0:13:51]} 41. Rxc6 {[%clk 0:07:30]} Rxc6 {[%clk 0:11:05]} 42. Nxc6
{[%clk 0:07:47]} Re1 {[%clk 0:05:30]} 43. f7 {[%clk 0:06:48]} g5 {[%clk 0:04:51]}
44. Rf6 {[%clk 0:06:22]} Rh1+ {[%clk 0:02:57]} 45. Kg3 {[%clk 0:06:47]} Rg1+
{[%clk 0:03:12]} 46. Kf2 {[%clk 0:07:10]} Rg2+ {[%clk 0:03:05]} 47. Kf1
{[%clk 0:06:15]} Rc2 {[%clk 0:03:18]} 48. f8=Q {[%clk 0:06:03]} Rc1+
{[%clk 0:03:15]} 49. Ke2 {[%clk 0:06:12]} Rc2+ {[%clk 0:02:37]} 50. Kd1 1-0

[Event "Copenhagen Chess Challenge 2"]
[Site "?"]
[Date "2015.04.30"]
[Round "3.7"]
[White "Stojanovski, Sandi"]
[Black "Dijkhuis, Sven"]
[Result "0-1"]
[BlackElo "2118"]
[WhiteElo "2232"]
[LiveChessVersion "1.4.6"]

1. Nf3 {[%clk 1:30:55]} Nf6 {[%clk 1:30:16]} 2. b3 {[%clk 1:29:59]} d5
{[%clk 1:29:13]} 3. Bb2 {[%clk 1:28:52]} e6 {[%clk 1:28:57]} 4. g3
{[%clk 1:25:08]} c5 {[%clk 1:28:44]} 5. Bg2 {[%clk 1:24:20]} Nc6 {[%clk 1:28:44]}
6. O-O {[%clk 1:23:11]} Be7 {[%clk 1:28:46]} 7. d4 {[%clk 1:14:43]} O-O
{[%clk 1:26:46]} 8. e3 {[%clk 0:52:16]} b6 {[%clk 1:24:16]} 9. Nbd2
{[%clk 0:46:38]} Bb7 {[%clk 1:23:36]} 10. c4 {[%clk 0:46:13]} Rc8
{[%clk 1:21:16]} 11. Qe2 {[%clk 0:42:28]} Rc7 {[%clk 1:16:53]} 12. Rac1
{[%clk 0:36:55]} cxd4 {[%clk 1:04:02]} 13. exd4 {[%clk 0:37:17]} Qa8
{[%clk 0:55:43]} 14. Rfe1 {[%clk 0:28:27]} Rfc8 {[%clk 0:50:46]} 15. Ng5
{[%clk 0:22:58]} Nd8 {[%clk 0:44:16]} 16. a3 {[%clk 0:18:01]} dxc4
{[%clk 0:40:10]} 17. Bxb7 {[%clk 0:18:15]} Qxb7 {[%clk 0:40:31]} 18. bxc4
{[%clk 0:18:31]} h6 {[%clk 0:39:51]} 19. Ngf3 {[%clk 0:17:54]} Nc6
{[%clk 0:35:58]} 20. Ne5 {[%clk 0:18:14]} Nxe5 {[%clk 0:35:32]} 21. dxe5
{[%clk 0:17:16]} Ne8 {[%clk 0:35:36]} 22. h4 {[%clk 0:12:52]} Qc6
{[%clk 0:34:12]} 23. Rc3 {[%clk 0:11:25]} Rd8 {[%clk 0:32:40]} 24. Rd3
{[%clk 0:09:50]} Rcd7 {[%clk 0:31:50]} 25. Rxd7 {[%clk 0:10:11]} Qxd7
{[%clk 0:31:42]} 26. Ne4 {[%clk 0:08:36]} Qd3 {[%clk 0:30:26]} 27. Qg4
{[%clk 0:08:46]} Kf8 {[%clk 0:30:02]} 28. Nc3 {[%clk 0:06:53]} Rd4
{[%clk 0:25:03]} 29. Re4 {[%clk 0:06:56]} Bc5 {[%clk 0:23:46]} 30. Rxd4
{[%clk 0:05:51]} Bxd4 {[%clk 0:23:46]} 31. Nd1 {[%clk 0:05:16]} Bc5
{[%clk 0:22:03]} 32. Nc3 {[%clk 0:02:43]} Bd4 {[%clk 0:21:31]} 33. Nd1
{[%clk 0:03:02]} Bc5 {[%clk 0:21:28]} 34. Nc3 {[%clk 0:03:09]} h5
{[%clk 0:18:18]} 35. Qf4 {[%clk 0:00:35]} Bd4 {[%clk 0:18:30]} 0-1

[Event "Copenhagen Chess Challenge 2"]
[Site "?"]
[Date "2015.04.30"]
[Round "3.8"]
[White "Marinc, Damir"]
[Black "Mitscherling, Andreas"]
[Result "1-0"]
[BlackElo "2221"]
[WhiteElo "2021"]
[LiveChessVersion "1.4.6"]

1. d4 {[%clk 1:30:55]} d6 {[%clk 1:30:42]} 2. e4 {[%clk 1:31:08]} Nf6
{[%clk 1:31:06]} 3. Nc3 {[%clk 1:31:33]} c6 {[%clk 1:31:16]} 4. f3
{[%clk 1:31:21]} g6 {[%clk 1:31:06]} 5. Be3 {[%clk 1:31:44]} Bg7 {[%clk 1:31:28]}
6. Qd2 {[%clk 1:32:02]} e5 {[%clk 1:31:31]} 7. dxe5 {[%clk 1:31:19]} dxe5
{[%clk 1:31:50]} 8. Qxd8+ {[%clk 1:31:28]} Kxd8 {[%clk 1:32:13]} 9. O-O-O+
{[%clk 1:31:42]} Ke8 {[%clk 1:27:05]} 10. Bc4 {[%clk 1:30:00]} Na6
{[%clk 1:26:05]} 11. Bxa6 {[%clk 1:27:55]} bxa6 {[%clk 1:26:30]} 12. Na4
{[%clk 1:25:00]} Nd7 {[%clk 1:20:26]} 13. Ne2 {[%clk 1:23:18]} Kd8
{[%clk 1:14:09]} 14. Nc5 {[%clk 1:14:40]} Kc7 {[%clk 1:13:58]} 15. Nxd7
{[%clk 1:14:27]} Bxd7 {[%clk 1:14:21]} 16. Nc3 {[%clk 1:14:48]} Rhb8
{[%clk 1:00:48]} 17. Na4 {[%clk 1:11:21]} Bf8 {[%clk 0:59:48]} 18. Nc5
{[%clk 1:08:54]} Bc8 {[%clk 0:59:51]} 19. a4 {[%clk 1:07:56]} Be7
{[%clk 0:53:56]} 20. Rd3 {[%clk 1:03:36]} Rb4 {[%clk 0:54:13]} 21. b3
{[%clk 1:02:13]} f5 {[%clk 0:50:28]} 22. Rhd1 {[%clk 1:01:55]} Rd4
{[%clk 0:41:29]} 23. Rxd4 {[%clk 0:32:52]} Bxc5 {[%clk 0:37:12]} 24. R4d3
{[%clk 0:33:01]} Ba3+ {[%clk 0:37:32]} 25. Kb1 {[%clk 0:32:43]} Be6
{[%clk 0:37:12]} 26. Bc1 {[%clk 0:32:10]} Be7 {[%clk 0:34:43]} 27. Bb2
{[%clk 0:31:23]} Bf6 {[%clk 0:34:50]} 28. exf5 {[%clk 0:27:42]} Bxf5
{[%clk 0:34:41]} 29. Re3 {[%clk 0:27:49]} Rb8 {[%clk 0:34:01]} 30. g4
{[%clk 0:26:25]} Bd7 {[%clk 0:33:50]} 31. Bxe5+ {[%clk 0:26:15]} Bxe5
{[%clk 0:34:15]} 32. Rxe5 1-0

[Event "Copenhagen Chess Challenge 2"]
[Site "?"]
[Date "2015.04.30"]
[Round "3.9"]
[White "Nielsen, Lars Aaes"]
[Black "Karlsson, Ulf"]
[Result "1/2-1/2"]
[BlackElo "2022"]
[WhiteElo "2219"]
[LiveChessVersion "1.4.6"]

1. e4 {[%clk 1:30:57]} c5 {[%clk 1:30:47]} 2. c3 {[%clk 1:31:24]} g6
{[%clk 1:30:53]} 3. d4 {[%clk 1:31:50]} cxd4 {[%clk 1:31:19]} 4. cxd4
{[%clk 1:32:16]} d5 {[%clk 1:31:45]} 5. exd5 {[%clk 1:32:36]} Nf6
{[%clk 1:32:01]} 6. Bb5+ {[%clk 1:33:01]} Bd7 {[%clk 1:31:16]} 7. Bc4
{[%clk 1:33:27]} Bg7 {[%clk 1:28:06]} 8. Nc3 {[%clk 1:33:48]} O-O
{[%clk 1:27:33]} 9. Nf3 {[%clk 1:34:14]} a6 {[%clk 1:26:01]} 10. a3
{[%clk 1:33:00]} b5 {[%clk 1:25:06]} 11. Bb3 {[%clk 1:33:20]} Bc8
{[%clk 1:25:11]} 12. Bg5 {[%clk 1:28:37]} Bb7 {[%clk 1:14:34]} 13. O-O
{[%clk 1:26:15]} Nbd7 {[%clk 1:11:35]} 14. Ne5 {[%clk 1:24:13]} Nb6
{[%clk 1:02:58]} 15. Bxf6 {[%clk 1:22:58]} Bxf6 {[%clk 1:00:16]} 16. Qf3
{[%clk 1:21:55]} Bg7 {[%clk 0:51:06]} 17. Rfd1 {[%clk 1:20:00]} e6
{[%clk 0:48:51]} 18. Nc6 {[%clk 1:16:57]} Qd7 {[%clk 0:47:49]} 19. Rac1
{[%clk 0:54:25]} Rac8 {[%clk 0:47:46]} 20. Qe2 {[%clk 0:53:13]} Bxc6
{[%clk 0:35:41]} 21. dxe6 {[%clk 0:39:47]} Qd6 {[%clk 0:24:22]} 22. d5
{[%clk 0:36:26]} Bb7 {[%clk 0:22:32]} 23. exf7+ {[%clk 0:34:25]} Kh8
{[%clk 0:21:06]} 24. Qe6 {[%clk 0:32:14]} Qd8 {[%clk 0:11:19]} 25. Rd3
{[%clk 0:32:03]} Rc5 {[%clk 0:08:58]} 26. Re1 {[%clk 0:30:19]} Bc8
{[%clk 0:08:32]} 27. Qe8 {[%clk 0:30:32]} Bd7 {[%clk 0:08:50]} 28. Qxd8
{[%clk 0:30:12]} Rxd8 {[%clk 0:09:19]} 29. Ne4 {[%clk 0:29:08]} Rcc8
{[%clk 0:07:47]} 30. Ng5 {[%clk 0:25:20]} Bf8 {[%clk 0:07:12]} 31. Rde3
{[%clk 0:21:19]} Kg7 {[%clk 0:06:39]} 32. h4 {[%clk 0:19:30]} h6 {[%clk 0:06:37]}
33. Ne6+ {[%clk 0:17:32]} Bxe6 {[%clk 0:07:01]} 34. dxe6 {[%clk 0:15:39]} Be7
{[%clk 0:07:27]} 35. g3 {[%clk 0:15:54]} Nc4 {[%clk 0:07:24]} 36. R3e2
{[%clk 0:16:03]} Nd2 {[%clk 0:07:43]} 37. Re3 {[%clk 0:15:54]} Nc4
{[%clk 0:08:02]} 38. Bxc4 {[%clk 0:13:01]} Rxc4 {[%clk 0:08:31]} 39. R1e2
{[%clk 0:13:22]} Rcd4 {[%clk 0:08:21]} 40. Rc2 {[%clk 0:12:16]} Rc4
{[%clk 0:07:49]} 41. Rce2 {[%clk 0:12:26]} Rcd4 {[%clk 0:08:06]} 42. Rc2
{[%clk 0:10:21]} Rc4 {[%clk 0:08:30]} 43. Rce2 {[%clk 0:10:14]} 1/2-1/2